Население и хозяйство Воронежской губернии. Вып. 2 (Запись № 13582901)

Подробности
000 -МАРКЕР
контрольное поле 01068nam2a2200217 4500
001 - ИДЕНТИФИКАТОР ЗАПИСИ
контрольное поле rc\2872802
005 - ИДЕНТИФИКАТОР ВЕРСИИ
контрольное поле 20260315051746.0
035 ## - ДРУГИЕ СИСТЕМНЫЕ НОМЕРА
Идентификатор записи (NLR Aleph) 007026064
100 ## - ДАННЫЕ ОБЩЕЙ ОБРАБОТКИ
Данные общей обработки 20110715d1927 u y0rusy50 ca
101 0# - ЯЗЫК РЕСУРСА
Язык текста, звукозаписи и т.д. русский
102 ## - СТРАНА ПУБЛИКАЦИИ ИЛИ ПРОИЗВОДСТВА
Страна публикации Российская Федерация
105 ## - ПОЛЕ КОДИРОВАННЫХ ДАННЫХ: ТЕКСТОВЫЕ МАТЕРИАЛЫ, МОНОГРАФИЧЕСКИЕ
Кодированные данные о монографическом текстовом документе y z |||||
200 0# - ЗАГЛАВИЕ И СВЕДЕНИЯ ОБ ОТВЕТСТВЕННОСТИ
Основное заглавие Вып. 2
210 ## - ПУБЛИКАЦИЯ, РАСПРОСТРАНЕНИЕ И ДР.
Дата издания, распространения и т.д. 1927
461 #0 - УРОВЕНЬ НАБОРА
Встроенное поле 001rc\2872801
-- 2000#$aНаселение и хозяйство Воронежской губернии$eСтатистический сводный сборник. Вып. 2-$fРед. Ив. К. Воронов$vВып. 2
Системный номер (АБИС) связанной записи 5956437
Автор Воронежский губернский статистический отдел
Место публикации Воронеж
Дата публикации 1927
Первые сведения об ответственности Ред. Ив. К. Воронов
Имя издателя, распространителя и т.д. Изд-во Воронежск. Губстатотдела
Сведения, относящиеся к заглавию Статистический сводный сборник. Вып. 2-
Заглавие Население и хозяйство Воронежской губернии
Номер тома Вып. 2
801 #0 - ИСТОЧНИК ЗАПИСИ
Страна Российская Федерация
Организация NLR
Правила каталогизации psbo
801 #1 - ИСТОЧНИК ЗАПИСИ
Страна Российская Федерация
Организация ELAR
Источник данных rusmarc
852 ## - МЕСТОНАХОЖДЕНИЕ И ШИФР ХРАНЕНИЯ
Идентификатор организации NLR
Шифр хранения (Call Number) 21/178
942 ## - ДОПОЛНИТЕЛЬНЫЕ ЭЛЕМЕНТЫ ЗАПИСИ (АБИС)
Тип экземпляра АБИС Неопределено
980 ## - КОЛЛЕКЦИЯ
Название коллекции Национальная библиография

Нет доступных экземпляров.